| 000 | 00667nam a2200217 a 4500 | ||
|---|---|---|---|
| 001 | 000023048 | ||
| 005 | 20200930021944.0 | ||
| 008 | 101125s1977 sp r 000 | spa d | ||
| 020 | _a8432503681 | ||
| 040 |
_aDO-SdBNP _bspa _cBNPHU |
||
| 082 |
_axxx _bD861 |
||
| 100 | 1 |
_aDufour, Jean-Marc _947428 |
|
| 245 | 1 | 3 |
_aEl Portugal del 25 de abril / _cJean-Marc Dufour; traducción del francés Miguel Costa. |
| 260 |
_aMadrid : _bDONCEL,. |
||
| 300 |
_a326 p. ; _c18 cm. |
||
| 490 |
_aEl Libro de Bolsillo; _v115 |
||
| 500 | _aIncluye liota de obras publicadas | ||
| 700 | 1 |
_aCosta, Miguel _etr. _947429 |
|
| 830 | 3 |
_aEl Libro de Bolsillo; _v115 _94072 |
|
| 049 | _aBNGR | ||
| 999 |
_c22545 _d22545 |
||